Towns of Morrowind - Statistics

General Stats
  • This quiz has been taken 206 times
  • The average score is 13 of 21
Answer Stats
Town % Correct
Balmora
97%
Vivec
96%
Ald'ruhn
83%
Seyda Neen
80%
Ebonheart
68%
Gnisis
65%
Sadrith Mora
65%
Dagon Fel
63%
Caldera
62%
Khuul
62%
Tel Branora
61%
Tel Mora
59%
Pelagiad
56%
Suran
55%
Hla Oad
53%
Vos
53%
Molag Mar
46%
Gnaar Mok
45%
Tel Aruhn
41%
Maar Gan
39%
Ald Velothi
30%
No matching quizzes found
Score Distribution
Percent of People with Each Score
Percentile by Number Answered
Your Score History
You have not taken this quiz